Il paese ed il governo / (Record no. 156725)

MARC details
000 -LEADER
campo de control de longitud fija 00821nam a22001935i 4500
001 - NÚMERO DE CONTROL
campo de control 156725
003 - IDENTIFICADOR DE NÚMERO DE CONTROL
campo de control ES-MaACL
005 - FECHA Y HORA DE LA ÚLTIMA TRANSACCIÓN
campo de control 20251017063108.0
008 - DATOS DE LONGITUD FIJA--INFORMACIÓN GENERAL
campo de control de longitud fija 040805s1841 mm |||| | ita d
040 ## - FUENTE DE CATALOGACIÓN
Centro catalogador/agencia de origen CAM
Lengua de catalogación spa
Centro/agencia transcriptor CAM
100 1# - ENTRADA PRINCIPAL--NOMBRE DE PERSONA
Nombre de persona La Mennais, Felicité Robert de,
Títulos y otros términos asociados al nombre Abbé
9 (RLIN) 128519
245 13 - MENCIÓN DEL TÍTULO
Título Il paese ed il governo /
Mención de responsabilidad, etc. di F. Lamennais ; traduzione dal francese nell'idioma italiano fatta da Salvatore Costanzo, e dal medesimo arricchita di una prefazione et di note.
260 ## - PUBLICACIÓN, DISTRIBUCIÓN, ETC.
Lugar de publicación, distribución, etc. Malta :
Nombre del editor, distribuidor, etc. [s.n.],
Fecha de publicación, distribución, etc. 1841 (
Fabricante Tipografia Izzo e C.)
300 ## - DESCRIPCIÓN FÍSICA
Extensión VI, 104, [2] p. ;
Dimensiones 14 cm.
651 #4 - PUNTO DE ACCESO ADICIONAL DE MATERIA--NOMBRE GEOGRÁFICO
Nombre geográfico Francia-
Subdivisión general Política y gobierno.
9 (RLIN) 8706
700 11 - ENTRADA AGREGADA--NOMBRE PERSONAL
Nombre de persona Costanzo, Salvador.
9 (RLIN) 41130
852 ## - LOCALIZACIÓN
Ubicación ES-MaACL
Número de control de estantería T-200-F-4
Nota libre -- Enc. hol., falto de la cub. original
-- -- Enc. en un vol. facticio
Holdings
Estatus retirado Estado de pérdida Estado de daño No para préstamo Colección Biblioteca de origen Biblioteca actual Ubicación en estantería Fecha de adquisición Total de préstamos Signatura topográfica completa Código de barras Visto por última vez Precio de reemplazo Tipo de ítem Koha
        Colección de folletos Biblioteca del Ateneo de Madrid Biblioteca del Ateneo de Madrid Depósito folletos 17/01/2008   T-200-F-4 1163971 23/02/2023 23/02/2023 Folleto